Music Quiz

Random Music or Song Quiz

Radiohead Songs Quiz Stats

 Plays Quiz Updated Jan 30, 2020

     
Support Sporcle.
Go Orange.
Score 0/100 Timer 12:00
13 Plays Today
album song % Correct
Pablo HoneyCreep
95.1%
OK ComputerParanoid Android
89.8%
OK ComputerKarma Police
86.8%
The BendsThe Bends
86.1%
Kid AKid A
85.3%
OK ComputerAirbag
83.6%
The BendsFake Plastic Trees
81.3%
Kid AEverything in Its Right Place
79.5%
OK ComputerNo Surprises
79.2%
Hail to the Thief2 + 2 = 5
79.1%
OK ComputerExit Music (For a Film)
78.7%
The BendsStreet Spirit (Fade Out)
78.3%
OK ComputerFitter Happier
77%
A Moon Shaped PoolBurn the Witch
76.2%
The BendsJust
76%
Pablo HoneyYou
75.9%
Kid AIdioteque
75.7%
The BendsHigh and Dry
75.4%
Kid AThe National Anthem
75.3%
In Rainbows15 Step
74.6%
OK ComputerThe Tourist
74.6%
OK ComputerLucky
74.5%
AmnesiacPyramid Song
74%
OK ComputerElectioneering
73.6%
In RainbowsWeird Fishes/Arpeggi
73.2%
OK ComputerSubterranean Homesick Alien
73.2%
In RainbowsNude
73.2%
The BendsPlanet Telex
73.1%
OK ComputerLet Down
72.9%
In RainbowsVideotape
71.2%
A Moon Shaped PoolDaydreaming
71%
Pablo HoneyAnyone Can Play Guitar
71%
OK ComputerClimbing Up the Walls
70.7%
Kid AHow to Disappear Completely
70.6%
album song % Correct
AmnesiacMorning Bell (Amnesiac)
70.1%
Kid AMorning Bell
70.1%
The BendsMy Iron Lung
69.6%
Kid AOptimistic
68.5%
In RainbowsReckoner
68.1%
A Moon Shaped PoolTrue Love Waits
68%
The King of LimbsLotus Flower
67.5%
In RainbowsBodysnatchers
67.3%
Kid AMotion Picture Soundtrack
67.1%
Kid ATreefingers
66.4%
Hail to the ThiefThere There
66.2%
In RainbowsJigsaw Falling Into Place
66.2%
In RainbowsHouse of Cards
65.4%
Hail to the ThiefA Wolf at the Door
64.4%
The BendsBlack Star
64.2%
In RainbowsAll I Need
62.3%
AmnesiacKnives Out
61.8%
In RainbowsFaust Arp
59.5%
The King of LimbsBloom
59.4%
Kid AIn Limbo
58.7%
The Bends(Nice Dream)
58.6%
A Moon Shaped PoolDecks Dark
57.6%
The King of LimbsCodex
56.8%
The BendsBones
56.5%
The BendsBullet Proof...I Wish I Was
56.5%
AmnesiacLife in a Glasshouse
55.6%
Hail to the ThiefMyxomatosis
55.3%
The BendsSulk
54.7%
Hail to the ThiefSail to the Moon
54.6%
AmnesiacYou and Whose Army?
54.5%
AmnesiacPackt Like Sardines in a Crushd Tin Box
53.8%
AmnesiacLike Spinning Plates
53.4%
A Moon Shaped PoolFul Stop
53.2%
The King of LimbsMorning Mr Magpie
53.2%
album song % Correct
A Moon Shaped PoolIdentikit
52.6%
A Moon Shaped PoolThe Numbers
51.5%
AmnesiacI Might Be Wrong
51.4%
AmnesiacHunting Bears
51.3%
A Moon Shaped PoolDesert Island Disk
51.2%
Hail to the ThiefThe Gloaming
51.1%
Hail to the ThiefA Punchup at a Wedding
50.6%
Hail to the ThiefSit Down Stand Up
50.4%
A Moon Shaped PoolPresent Tense
49.2%
Pablo HoneyBlow Out
48.6%
A Moon Shaped PoolGlass Eyes
48.3%
Pablo HoneyVegetable
48.3%
The King of LimbsSeparator
48%
AmnesiacPulk/Pull Revolving Doors
46.3%
The King of LimbsFeral
45.8%
Hail to the ThiefI Will
45.3%
The King of LimbsGive Up the Ghost
45%
Hail to the ThiefWe Suck Young Blood
44.1%
AmnesiacDollars & Cents
43.8%
Pablo HoneyLurgee
43.6%
Hail to the ThiefGo to Sleep
42.8%
Hail to the ThiefWhere I End and You Begin
42.6%
The King of LimbsLittle by Little
41.7%
Pablo HoneyHow Do You?
41.6%
Hail to the ThiefBackdrifts
41.5%
Hail to the ThiefScatterbrain
41.4%
A Moon Shaped PoolTinker Tailor Soldier Sailor Rich Man Poor Man Beggar Man Thief
41.2%
Pablo HoneyStop Whispering
41.1%
Pablo HoneyRipcord
40.9%
Pablo HoneyThinking About You
38.4%
Pablo HoneyI Can't
33.3%
Pablo HoneyProve Yourself
30.4%

From the Vault

Instruments of the Symphony

by Hejman

Music 5m
We still have a sneaking suspicion the conductor is just there for show.
Remove Ads.
Support Sporcle.
Get the best of Sporcle when you Go Orange. This ad-free experience offers more features, more stats, and more fun while also helping to support Sporcle. Thank you for becoming a member.

Show Comments

Extras

Top Quizzes Today


Score Distribution

Your Account Isn't Verified!

In order to create a playlist on Sporcle, you need to verify the email address you used during registration. Go to your Sporcle Settings to finish the process.

Report this User

Report this user for behavior that violates our Community Guidelines.

Details: